000 00700nam a22002537a 4500
001 BR7315015
003 BR-BrBNA
005 20230928084311.0
007 ta
008 230509b bl.||||| |||| 00| 0 por d
040 _aBR-BrBNA
_bpor
_cBiblioteca Nacional de Agricultura
041 _a(Por)
072 _aE70; E10
_b0331
_b/G514
090 _ 0331 BR7315015
100 1 _aVieira, J.A.B.
245 1 _aO valor da estatistica e o desenvolvimento da mamona na Bahia
260 3 _aSalvador, BA (Brasil):
_bLivraria Duas Americas,
_c1939.
300 _a28 p.
650 _aMAMONA
650 _aESTATISTICA
650 _aCOMERCIALIZACAO
909 _a202309
_bLucia
_c55
_dLucia Elande
942 _cBK
999 _c18021
_d18021